[Event "Philadelphia int op 11th"]
[Site "Philadelphia"]
[Date "2017.06.27"]
[Round "6"]
[White "Wongso, Steve"]
[Black "Aravind, Neelakantan"]
[Result "1-0"]
[WhiteElo "1636"]
[BlackElo "1351"]
[PlyCount "93"]
[EventDate "2017.06.24"]
[EventType "swiss"]
[EventRounds "9"]
[EventCountry "USA"]
[SourceTitle "CBM 179 Extra"]
[Source "ChessBase"]
[SourceDate "2017.08.23"]
[SourceVersion "1"]
[SourceVersionDate "2017.08.23"]
[SourceQuality "1"]

1. e4 d5 2. exd5 Qxd5 3. Nf3 Nf6 4. d4 Bg4 5. Be2 c6 6. 0-0 e6 7. c4 Qa5 8. Nc3 Nbd7 9. Bd2 Qc7 10. h3 Bh5 11. Qc2 Bd6 12. Nd1 0-0 13. Ne3 e5 14. c5 Be7 15. Nf5 Nd5 16. Nxe7+ Nxe7 17. Rae1 Bg6 18. Bd3 Bxd3 19. Qxd3 Rad8 20. Qa3 Ng6 21. dxe5 Ndxe5 22. Nxe5 Rxd2 23. Nf3 Rdd8 24. Re3 b6 25. cxb6 axb6 26. Qc3 Rc8 27. Nd4 Ne7 28. Rg3 Nd5 29. Rxg7+ Kxg7 30. Ne6+ Kg6 31. Qg7+ Kf5 32. Nxc7 Nxc7 33. Qxh7+ Ke6 34. Re1+ Kd6 35. Qh6+ Ne6 36. Rd1+ Kc7 37. Qf6 Rce8 38. Qe5+ Kc8 39. Qd6 Kb7 40. Qd7+ Nc7 41. Rd6 Re1+ 42. Kh2 Rc1 43. Qe7 Rc8 44. Qxf7 Rc2 45. Qd7 Rf8 46. Rg6 Rc8 47. h4 1-0